000 00363nam a2200145 a 4500
005 20140412111228.0
008 100122s19uu xx 00 eng d
020 _a1-8585-4351-7
050 _aM 639
_bB21 2001
245 _aAnimals in the wild.
260 _aChina :
_bOstopus pub,
_c2001.
300 _aunp.
440 _aLook and learn about
999 _c102092
_d102092